[Event "61st World Juniors 2024"]
[Site "Gandhinagar IND"]
[Date "2024.06.11"]
[Round "9.31"]
[White "Md Imran"]
[Black "Jain, Kushagra"]
[Result "1-0"]
[WhiteTitle "FM"]
[WhiteElo "2180"]
[BlackElo "1996"]
[WhiteFideId "25748580"]
[BlackFideId "66607663"]
[EventDate "2024.06.02"]

1. d4 d5 2. Nc3 Nf6 3. Bf4 c5 4. e4 Nxe4 5. Nxe4 dxe4 6. dxc5 Qa5+ 7. c3 Qxc5 8.
Qa4+ Nc6 9. Qxe4 g6 10. Nf3 Bg7 11. Qe3 Qxe3+ 12. Bxe3 O-O 13. Be2 Be6 14. O-O
h6 15. a4 Na5 16. Nd2 Rfd8 17. Rfd1 b6 18. b4 Nb3 19. Nxb3 Bxb3 20. Rxd8+ Rxd8
21. Ra3 Be6 22. a5 Rc8 23. axb6 axb6 24. Bd2 Bc4 25. Kf1 f5 26. Bxc4+ Rxc4 27.
Ke2 Kf7 28. Kd3 Rc6 29. Be3 g5 30. g3 e5 31. f3 g4 32. fxg4 e4+ 33. Kc2 fxg4 34.
b5 Rd6 35. Ra7+ Kg8 36. Re7 Rd3 37. Bd2 Rd5 38. c4 Rh5 39. Rxe4 Rxh2 40. Rxg4
Kf7 41. Kd3 h5 42. Rf4+ Ke6 43. Be3 Rg2 44. Re4+ Kd6 45. Bxb6 Rxg3+ 46. Be3 Bh6
47. Kd2 Rg2+ 48. Kd3 Rg3 49. Ke2 Bxe3 50. Rxe3 Rg4 51. Kd3 Kc5 52. Re5+ Kb4 53.
b6 Rg1 54. Rb5+ 1-0

[Event "61st World Juniors 2024"]
[Site "Gandhinagar IND"]
[Date "2024.06.11"]
[Round "9.32"]
[White "Mnyasta, Charlton"]
[Black "Shah, Jeet"]
[Result "1-0"]
[WhiteElo "2174"]
[BlackElo "1946"]
[WhiteFideId "14343371"]
[BlackFideId "45012954"]
[EventDate "2024.06.02"]

1. e4 e5 2. Nf3 Nc6 3. Bb5 a6 4. Ba4 Nge7 5. c3 Ng6 6. d4 exd4 7. cxd4 Bb4+ 8.
Nc3 d5 9. O-O Bxc3 10. exd5 Qxd5 11. Bb3 Qd6 12. bxc3 O-O 13. a4 Re8 14. Ng5 Nd8
15. Qh5 h6 16. Ba3 Qf6 17. Rae1 Rxe1 18. Rxe1 Ne6 19. Nxe6 Bxe6 20. Bxe6 fxe6
21. g3 Qf5 22. Qe2 Re8 23. Qc4 c6 24. Bc5 h5 25. h4 Kh7 26. Qe2 b5 27. axb5 axb5
28. Qe3 Kg8 29. Kg2 e5 30. f3 Ra8 31. Re2 Ra1 32. Qe4 Qxe4 33. Rxe4 exd4 34.
Rxd4 Ra2+ 35. Kf1 Ne5 36. Rd8+ Kh7 37. Rf8 Nd3 38. Be3 Rc2 39. Rd8 Rxc3 40. Bd4
Rc1+ 41. Ke2 c5 42. Be3 c4 43. Bxc1 Nxc1+ 44. Kd2 Nd3 45. Kc3 Nc1 46. Rd5 Ne2+
47. Kd2 Nxg3 48. Rg5 c3+ 49. Kxc3 Ne2+ 50. Kd2 Nf4 51. Ke3 Ng6 52. Rxh5+ Kg8 53.
Kd4 Kf7 54. Kc5 Kf6 55. Kd4 b4 56. Ke4 b3 57. Rf5+ Ke6 58. h5 Ne7 59. Rb5 Ng8
60. Rb6+ Kf7 61. Kf5 Ne7+ 62. Kg5 Nc8 63. Rb7+ Ne7 64. Rxb3 Kg8 65. Rb7 Nd5 66.
Ra7 Kh8 67. Ra5 Ne7 68. f4 Ng8 69. Kg6 Nh6 70. Ra8+ Ng8 71. Kf7 1-0

[Event "61st World Juniors 2024"]
[Site "Gandhinagar IND"]
[Date "2024.06.11"]
[Round "9.33"]
[White "Sushanth, Kamabathula"]
[Black "Arul Prakash N"]
[Result "1-0"]
[WhiteElo "2131"]
[BlackElo "1907"]
[WhiteFideId "25712667"]
[BlackFideId "45061114"]
[EventDate "2024.06.02"]

1. e4 c5 2. Nf3 d6 3. d4 cxd4 4. Nxd4 Nf6 5. Nc3 a6 6. h3 e6 7. g4 d5 8. exd5
Nxd5 9. Nde2 Bb4 10. Bg2 Nc6 11. O-O Nxc3 12. Nxc3 Qc7 13. Be3 O-O 14. Qe2 Bd7
15. Rfd1 Bxc3 16. bxc3 Ne7 17. Bf4 Qc8 18. Bd6 Re8 19. c4 Bc6 20. c5 Ng6 21. Be4
e5 22. Kh2 Nf4 23. Qe3 Bxe4 24. Qxe4 Re6 25. Kg3 h5 26. f3 Re8 27. Rab1 Ra7 28.
Rb6 f6 29. Rdb1 Qd8 30. c3 h4+ 31. Kh2 Qd7 32. Rxb7 Qe6 33. c4 Rxb7 34. Rxb7 Rd8
35. Rb6 a5 36. a3 g6 37. a4 Qe8 38. Qc6 Qf7 39. Qb5 Qe6 40. Rb7 e4 41. Qxa5 Rd7
42. Qa8+ Kh7 43. c6 Rxb7 44. Qxb7+ Kh6 45. Bf8+ Kg5 46. Qh7 f5 47. Bh6+ 1-0

[Event "61st World Juniors 2024"]
[Site "Gandhinagar IND"]
[Date "2024.06.11"]
[Round "9.34"]
[White "Guru Prakash"]
[Black "Talgatov, Nazar"]
[Result "1/2-1/2"]
[WhiteElo "1817"]
[BlackElo "2108"]
[WhiteFideId "25138316"]
[BlackFideId "13743694"]
[EventDate "2024.06.02"]

1. e4 e5 2. Nf3 Nf6 3. d4 Nxe4 4. Bd3 d5 5. Nxe5 Nd7 6. Nxd7 Bxd7 7. O-O Bd6 8.
Nc3 Nxc3 9. bxc3 O-O 10. Qh5 f5 11. Re1 c6 12. Bg5 Qc7 13. Re3 g6 14. Qh4 Rae8
15. Rae1 Rxe3 16. Rxe3 b5 17. Be7 Re8 18. Bxd6 Qxd6 19. Rxe8+ Bxe8 20. Qg5 Qe6
21. Kf1 Kf7 22. Qh6 Kg8 23. Qg5 Kf7 24. Qh6 Kg8 25. Qg5 Kf7 26. Qh6 Kg8 1/2-1/2

[Event "61st World Juniors 2024"]
[Site "Gandhinagar IND"]
[Date "2024.06.11"]
[Round "9.35"]
[White "Matsumura, Cocoro"]
[Black "Jares, Michal"]
[Result "0-1"]
[BlackTitle "FM"]
[WhiteElo "2032"]
[BlackElo "2382"]
[WhiteFideId "36087114"]
[BlackFideId "386839"]
[EventDate "2024.06.02"]

1. e4 c6 2. d4 d5 3. e5 Bf5 4. h4 h5 5. c4 e6 6. Nc3 dxc4 7. Bxc4 Nd7 8. Nge2
Be7 9. g3 b5 10. Bb3 b4 11. Nb1 c5 12. Bf4 Nb6 13. Be3 Nd5 14. O-O Nh6 15. Bxd5
Qxd5 16. Nf4 Qd7 17. d5 exd5 18. Qxd5 Rd8 19. Qxd7+ Rxd7 20. Nxh5 O-O 21. Nd2
Ng4 22. Nb3 Nxe3 23. fxe3 Bd3 24. Rfd1 c4 25. Na5 Rd5 26. Nc6 Bc5 27. Kf2 Rc8
28. Nf4 Rd7 29. e6 fxe6 30. Ne5 Rdd8 31. Nfxd3 cxd3 32. Rxd3 Be7 33. Rxd8+ Bxd8
34. Re1 a5 35. Nd3 Bf6 36. Kf3 a4 37. Nxb4 Bxb2 38. Nd3 Bf6 39. Rc1 Rb8 40. Rc6
a3 41. Ra6 Be7 42. Rxe6 Kf7 43. Ra6 Rb1 44. Ne5+ Kg8 45. Ra7 Bc5 46. Ra5 Be7 47.
Nc4 Rf1+ 48. Kg2 Ra1 49. Ra7 Rxa2+ 50. Kf3 Ra1 51. Kg4 a2 52. Ne5 Bxh4 53. Ra8+
Kh7 54. Nf3 Bf6 55. e4 Kg6 56. e5 Be7 57. Ra6+ Kf7 58. e6+ Kf6 59. Ng5 Ke5 60.
Nf3+ Kd5 61. Nd2 Ke5 62. Nf3+ Kf6 63. Ng5 g6 64. Nf3 Bd6 65. Ng5 Be7 66. Nf3 Bc5
67. Nd2 Bb4 68. Ne4+ Ke5 69. Ng5 Be7 70. Nf3+ Kf6 71. Ng5 Rb1 72. Nh7+ Kg7 73.
Rxa2 Rb7 74. Rh2 Rb4+ 75. Kf3 Rb8 76. Ke4 Rh8 77. Kd5 Rxh7 78. Ra2 Rh5+ 79. Kc6
Kf6 0-1

[Event "61st World Juniors 2024"]
[Site "Gandhinagar IND"]
[Date "2024.06.11"]
[Round "9.36"]
[White "Tleukhanov, Yerlan"]
[Black "Adireddy, Arjun"]
[Result "0-1"]
[BlackTitle "FM"]
[WhiteElo "2025"]
[BlackElo "2306"]
[WhiteFideId "13749692"]
[BlackFideId "25647709"]
[EventDate "2024.06.02"]

1. e4 c5 2. Nf3 e6 3. d4 cxd4 4. Nxd4 Nc6 5. Nc3 Qc7 6. g3 a6 7. Bg2 Nf6 8. O-O
Nxd4 9. Qxd4 Bc5 10. Bf4 d6 11. Qd2 h6 12. Rad1 e5 13. Be3 Bb4 14. Nb5 axb5 15.
Qxb4 Rxa2 16. Qxb5+ Bd7 17. Qb4 Ra6 18. h3 O-O 19. Rd2 Rc8 20. Rfd1 Ne8 21. f4
Ra4 22. Qb3 Bc6 23. fxe5 dxe5 24. Bb6 Qe7 25. Qe3 Qg5 26. Qxg5 hxg5 27. b3 Ra2
28. Kf2 Nf6 29. Ke3 Nh5 30. Bf3 Nxg3 31. Bd8 f5 32. Bxg5 Bxe4 33. Be2 f4+ 34.
Kf2 Rcxc2 35. Bc4+ Kh7 36. Ke1 Rxd2 37. Rxd2 Rxd2 38. Kxd2 Kg6 39. Bd8 Bc6 40.
Bc7 Kf5 41. Ke1 e4 42. b4 e3 43. b5 Be4 44. b6 Nh5 45. Ke2 Nf6 46. Bb5 Nd5 47.
Bd7+ Kf6 48. Bg4 Nc3+ 49. Ke1 f3 50. Bg3 f2+ 51. Bxf2 exf2+ 52. Kxf2 Nd5 53. Kg3
Nxb6 54. Kf4 Bc6 0-1

[Event "61st World Juniors 2024"]
[Site "Gandhinagar IND"]
[Date "2024.06.11"]
[Round "9.37"]
[White "Gaikwad Manas"]
[Black "Pozzari, Simone"]
[Result "1-0"]
[BlackTitle "FM"]
[WhiteElo "1957"]
[BlackElo "2276"]
[WhiteFideId "25912410"]
[BlackFideId "2831282"]
[EventDate "2024.06.02"]

1. e4 c5 2. Nf3 d6 3. d4 cxd4 4. Nxd4 Nf6 5. Nc3 a6 6. Bg5 e6 7. f4 Qb6 8. Nb3
Nbd7 9. Qe2 Qc7 10. O-O-O Be7 11. g4 h6 12. Bh4 g5 13. fxg5 Nh7 14. Bg3 hxg5 15.
h4 gxh4 16. Bxh4 Ng5 17. Bg2 Ne5 18. Kb1 Rg8 19. Bf2 Bd7 20. a4 O-O-O 21. a5 Nc4
22. Rd4 Nxa5 23. Nxa5 Qxa5 24. Rc4+ Bc6 25. Nd5 exd5 26. exd5 Rde8 27. dxc6 b5
28. Rf4 Bf6 29. Qd3 Be5 30. Rf5 Re7 31. Bd5 Kb8 32. Bh4 Qb4 33. c3 Qxg4 34. Bf2
Rge8 35. Rg1 Qh3 36. Rg3 Bxg3 37. Rxg5 Qh4 38. Qxg3 Qxg3 39. Bxg3 Kc7 40. Rf5
Rg8 41. Bf4 Rg1+ 42. Ka2 Rge1 43. Rf6 R1e6 44. Bxe6 fxe6 45. Rf8 Kxc6 46. Ra8 e5
47. Be3 Kd5 48. Rxa6 Ke4 49. Bg5 Rg7 50. Bf6 Rd7 51. Rb6 Kd3 52. Kb3 e4 53. Rxb5
d5 54. Rb4 e3 55. Rd4+ Ke2 56. Bg5 Kf2 57. Kc2 e2 58. Bh4+ 1-0

[Event "61st World Juniors 2024"]
[Site "Gandhinagar IND"]
[Date "2024.06.11"]
[Round "9.38"]
[White "Bizhigitov, Zhangir"]
[Black "Kuandykuly, Danis"]
[Result "1/2-1/2"]
[WhiteTitle "FM"]
[WhiteElo "2212"]
[BlackElo "1989"]
[WhiteFideId "13725599"]
[BlackFideId "13752260"]
[EventDate "2024.06.02"]

1. e4 e5 2. Nf3 Nc6 3. Bb5 a6 4. Ba4 Nf6 5. O-O Nxe4 6. d4 b5 7. Bb3 d5 8. dxe5
Be6 9. c3 Bc5 10. Qe2 O-O 11. Be3 Qe7 12. Nbd2 Bxe3 13. Qxe3 Qc5 14. Qf4 Nxd2
15. Qxd2 Rad8 16. Rad1 Bg4 1/2-1/2

[Event "61st World Juniors 2024"]
[Site "Gandhinagar IND"]
[Date "2024.06.11"]
[Round "9.39"]
[White "Kalyani Sirin"]
[Black "Jai Sankar Subramanian"]
[Result "0-1"]
[WhiteTitle "WFM"]
[WhiteElo "2163"]
[BlackElo "1986"]
[WhiteFideId "33323500"]
[BlackFideId "25931970"]
[EventDate "2024.06.02"]

1. e4 e6 2. d4 d5 3. e5 c5 4. c3 Nc6 5. Nf3 Qb6 6. a3 Nh6 7. b4 cxd4 8. Bd3 Bd7
9. O-O Nf5 10. Bxf5 exf5 11. cxd4 Be7 12. Nc3 Be6 13. Qd3 O-O 14. Be3 Rfc8 15.
h4 h6 16. Rac1 Qd8 17. h5 Qd7 18. Ne2 Rc7 19. Nc3 Nd8 20. Qd1 a5 21. Na4 Rxc1
22. Bxc1 Qb5 23. Nc5 axb4 24. axb4 Qxb4 25. Nxe6 fxe6 26. Qd3 Qc4 27. Qe3 Ra1
28. Nd2 Qc2 29. Nb3 Rb1 30. Nc5 Bxc5 31. dxc5 Nc6 32. Re1 Rb3 33. Qf4 Rd3 34.
Be3 Rd1 35. Rxd1 Qxd1+ 36. Kh2 Qxh5+ 37. Kg1 Qd1+ 38. Kh2 Qa1 39. Qh4 Qxe5+ 40.
g3 d4 0-1

[Event "61st World Juniors 2024"]
[Site "Gandhinagar IND"]
[Date "2024.06.11"]
[Round "9.40"]
[White "Sri Charan Sandipagu"]
[Black "Nainys, Zanas"]
[Result "1-0"]
[WhiteElo "1924"]
[BlackElo "2153"]
[WhiteFideId "25174657"]
[BlackFideId "12844098"]
[EventDate "2024.06.02"]

1. e4 c5 2. Nf3 e6 3. d4 cxd4 4. Nxd4 Nf6 5. Nc3 Nc6 6. Ndb5 d6 7. Bf4 e5 8. Bg5
a6 9. Na3 Be6 10. Bxf6 gxf6 11. Be2 Rc8 12. O-O Nd4 13. Bg4 Qd7 14. Bxe6 fxe6
15. Ne2 Nxe2+ 16. Qxe2 d5 17. exd5 exd5 18. Qh5+ Qf7 19. Qf5 Rc6 20. f4 Bc5+ 21.
Kh1 Qe6 22. fxe5 fxe5 23. Qh5+ Kd8 24. Rae1 Re8 25. Qxh7 Rc7 26. Qh4+ Be7 27.
Qg3 e4 28. Rd1 Kc8 29. c4 dxc4 30. Nc2 Rg8 31. Nd4 Qg6 32. Qh3+ Kb8 33. Ne6 Rc6
34. Nf4 Qg7 35. Qe3 Qe5 36. Rd5 Qxb2 37. Qxe4 Bg5 38. Rb1 Qg7 39. Rxg5 Qxg5 40.
Qxc6 Qg7 41. Qxc4 1-0

[Event "61st World Juniors 2024"]
[Site "Gandhinagar IND"]
[Date "2024.06.11"]
[Round "9.41"]
[White "Mrinmoy Rajkhowa"]
[Black "Alekhya, Mukhopadhyay"]
[Result "0-1"]
[WhiteElo "1942"]
[BlackElo "2130"]
[WhiteFideId "25603426"]
[BlackFideId "25600826"]
[EventDate "2024.06.02"]

1. e4 c5 2. Nf3 e6 3. b3 b6 4. d4 cxd4 5. Nxd4 Bb7 6. Nd2 Qf6 7. Bb2 Nc6 8. Nb5
Qxb2 9. c3 a6 10. Nc4 Qxa1 11. Nbd6+ Bxd6 12. Nxd6+ Ke7 13. Qxa1 Kxd6 14. f4 Kc7
15. Be2 Nge7 16. O-O f6 17. b4 e5 18. f5 d5 19. exd5 Nxd5 20. a4 Rhd8 21. Qb2
Nf4 22. Bf3 Ne7 23. a5 Bxf3 24. gxf3 Nxf5 25. axb6+ Kxb6 26. Qa2 Ne3 27. Ra1
Rd1+ 28. Rxd1 Nxd1 29. Qd2 Rc8 30. Qxd1 Kb7 31. Qd7+ Rc7 32. Qd1 Rxc3 33. Qd6
Rc6 34. Qd7+ Rc7 35. Qd6 h5 36. h4 Rc2 37. Qd7+ Kb6 38. Qd8+ Kb5 39. Qa5+ Kc4
40. Qa4 Ne2+ 41. Kf1 Kd3 42. Qa3+ Kd2 43. Kf2 Nd4 44. Qe3+ Kd1+ 45. Kf1 Rb2 46.
f4 Rb3 47. Qe1+ Kc2 48. Qe2+ Kb1 49. Qd2 Ka1 50. b5 Rb1+ 51. Kf2 Rb2 0-1

[Event "61st World Juniors 2024"]
[Site "Gandhinagar IND"]
[Date "2024.06.11"]
[Round "9.42"]
[White "Bharadia Yash"]
[Black "Sureka Akshat"]
[Result "1-0"]
[WhiteTitle "CM"]
[WhiteElo "2100"]
[BlackElo "1972"]
[WhiteFideId "45087822"]
[BlackFideId "25774492"]
[EventDate "2024.06.02"]

1. e4 c5 2. Nf3 d6 3. c3 Nf6 4. h3 e6 5. Bd3 d5 6. e5 Nfd7 7. O-O Nc6 8. Re1 Qc7
9. Qe2 Be7 10. Bc2 b6 11. d4 Bb7 12. Bf4 h6 13. a4 g5 14. Bg3 h5 15. Na3 a6 16.
Rad1 h4 17. Bh2 Na5 18. Bf5 c4 19. Bc2 O-O-O 20. Nd2 Bc6 21. f4 gxf4 22. Rf1 f6
23. exf6 Bd6 24. Qxe6 Rh6 25. Qg4 Rxf6 26. Qxh4 Rg8 27. Rf3 Re6 28. Re1 Rf6 29.
Ref1 Rgf8 30. Qg5 Kb7 31. h4 Ka7 32. h5 Nb7 33. h6 Nd8 34. h7 Ne6 35. Qh4 Qd8
36. Re1 Rh8 37. Rh3 Ndf8 38. Nf3 Bd7 39. Ne5 Bxe5 40. Rxe5 Nc7 41. Rf3 Nfe6 42.
Bxf4 Qf8 43. Bh6 Rxf3 44. Bxf8 Rfxf8 45. Qe7 Rd8 46. Bf5 Rhe8 47. Qf6 Rf8 48.
h8=Q Rxh8 49. Bxe6 Bxe6 50. Rxe6 Nxe6 51. Qxe6 Rh7 52. Nc2 Rg7 53. Nb4 Rdg8 54.
Qxd5 1-0

[Event "61st World Juniors 2024"]
[Site "Gandhinagar IND"]
[Date "2024.06.11"]
[Round "9.43"]
[White "Gubatayev, Ahmet"]
[Black "Borkhetariya Devarsh M"]
[Result "1-0"]
[WhiteElo "2055"]
[BlackElo "1864"]
[WhiteFideId "14004526"]
[BlackFideId "25777033"]
[EventDate "2024.06.02"]

1. d4 Nf6 2. c4 c5 3. d5 b5 4. Nd2 bxc4 5. e4 e6 6. Bxc4 exd5 7. exd5 d6 8. Ne2
g6 9. b3 Bg7 10. Bb2 Nbd7 11. O-O O-O 12. Nf3 Nb6 13. Nf4 Rb8 14. Bc3 Bg4 15. h3
Bxf3 16. Qxf3 Nfd7 17. Bxg7 Kxg7 18. Bb5 Ne5 19. Qg3 Kh8 20. a4 Qf6 21. Rad1 Rb7
22. Ne2 Re7 23. Nc3 Ned7 24. a5 Nc8 25. f4 Qg7 26. Rfe1 f5 27. Re6 Nf6 28. Qe3
Rd8 29. Re1 Ng8 30. Rxe7 Qxe7 31. Qg3 Qg7 32. Re6 Nf6 33. Qe3 Ng8 34. Kh2 Qd4
35. Qxd4+ cxd4 36. Ne2 Nge7 37. Bc4 d3 38. Nc3 d2 39. Re2 Kg7 40. Rxd2 Rd7 41.
Nb5 Ng8 42. Nd4 Nce7 43. b4 Nf6 44. Nc6 Rc7 45. b5 Ne4 46. Rb2 Nc5 47. b6 axb6
48. axb6 Rb7 49. Na5 Rb8 50. b7 Ng8 51. Rb6 Nf6 52. Rc6 Kh6 53. Rxd6 Nfe4 54.
Rb6 Kg7 55. Rc6 Kh6 56. Rc7 g5 57. fxg5+ Kxg5 58. Rc8 Rxb7 59. Nxb7 Nxb7 60. Bd3
Kf4 61. Rc7 Nbd6 62. Rxh7 Nf6 63. Re7 Nc8 64. g3+ Kg5 65. Re5 Nd6 66. Bxf5 Nxf5
67. g4 Nxg4+ 68. hxg4 Kxg4 69. Re6 Kg5 70. d6 Nd4 71. Re8 Kf6 72. d7 Ne6 73.
d8=Q+ Nxd8 74. Rxd8 1-0

[Event "61st World Juniors 2024"]
[Site "Gandhinagar IND"]
[Date "2024.06.11"]
[Round "9.44"]
[White "Yohan Yadav Tarala"]
[Black "Mizzi, Jack"]
[Result "1-0"]
[BlackTitle "CM"]
[WhiteElo "1810"]
[BlackElo "2051"]
[WhiteFideId "33385300"]
[BlackFideId "5602521"]
[EventDate "2024.06.02"]

1. e4 e5 2. Nf3 Nc6 3. Nc3 Nf6 4. Bb5 Bb4 5. O-O O-O 6. d3 Re8 7. Bg5 Nd4 8.
Nxd4 exd4 9. Nd5 Be7 10. Nxe7+ Qxe7 11. f4 c6 12. Ba4 d6 13. Qf3 a5 14. a3 Qe6
15. Bb3 d5 16. e5 Nd7 17. Rae1 f5 18. exf6 Qxe1 19. Rxe1 Rxe1+ 20. Kf2 Re8 21.
Bxd5+ cxd5 22. Qxd5+ Kf8 23. fxg7+ Kxg7 24. Bh6+ Kf6 25. Qxd4+ Kf7 26. Qd5+ Kg6
27. Qg5+ Kf7 28. Qh5+ Ke7 29. Bg5+ Kf8 30. Qxh7 Ra6 31. Qh8+ Kf7 32. Qh7+ Kf8
33. Bh6+ Rxh6 34. Qxh6+ Kf7 35. Qh7+ Kf8 36. f5 Ne5 37. h3 Bd7 38. f6 Re6 39.
Qg7+ 1-0

[Event "61st World Juniors 2024"]
[Site "Gandhinagar IND"]
[Date "2024.06.11"]
[Round "9.45"]
[White "Oluka Robert Mcligeyo"]
[Black "Vengatesh, Krishnan C"]
[Result "1/2-1/2"]
[WhiteElo "2050"]
[BlackElo "1790"]
[WhiteFideId "10814647"]
[BlackFideId "45050457"]
[EventDate "2024.06.02"]

1. e4 c5 2. Nc3 d6 3. f4 Nc6 4. Nf3 g6 5. Bb5 Bg7 6. a4 Bd7 7. d3 e6 8. e5 d5 9.
Bxc6 Bxc6 10. d4 b6 11. Be3 Bf8 12. O-O Nh6 13. Bf2 Ng4 14. Bh4 Be7 15. Bxe7
Qxe7 16. Qd2 Nh6 17. Ne2 Nf5 18. c3 h5 19. Rfc1 h4 20. b4 c4 21. b5 Bd7 22. Kh1
Kf8 23. Neg1 Kg7 24. Nh3 a6 25. Rcb1 Ra7 26. Nf2 Rha8 27. Qb2 Nh6 28. Nh3 Nf5
29. Qc1 axb5 30. axb5 Rxa1 31. Rxa1 Rxa1 32. Qxa1 Bxb5 33. Qb2 Qd7 34. Nf2 Ba4
35. Qxb6 Ne3 36. Qb2 Qb5 37. Qxb5 Bxb5 38. Nxh4 Nc2 39. g3 Nxd4 40. Kg2 Ne2 41.
Kf3 Nxc3 42. Ke3 Ba4 43. Nf3 Nd1+ 44. Nxd1 Bxd1 45. Nd4 Bg4 46. Nc2 Bf5 47. Nd4
Kh6 48. Nf3 c3 49. Ng1 c2 50. Kd2 d4 51. Nf3 d3 52. Ng5 Bg4 53. h3 Kh5 54. hxg4+
Kxg4 55. Ne4 Kf3 1/2-1/2

[Event "61st World Juniors 2024"]
[Site "Gandhinagar IND"]
[Date "2024.06.11"]
[Round "9.46"]
[White "Kartik Kumar Singh"]
[Black "Arshpreet Singh"]
[Result "1/2-1/2"]
[WhiteElo "2042"]
[BlackElo "1932"]
[WhiteFideId "46676465"]
[BlackFideId "25902113"]
[EventDate "2024.06.02"]

1. e4 c5 2. Nf3 Nc6 3. d4 cxd4 4. Nxd4 e6 5. Nc3 Qc7 6. Be3 a6 7. a3 b5 8. Nxc6
Qxc6 9. Bd3 Bb7 10. Qd2 b4 11. axb4 Bxb4 12. O-O Nf6 13. f3 O-O 14. Qf2 Bxc3 15.
bxc3 Qxc3 16. Bd4 Qc7 17. Bxf6 gxf6 18. f4 d5 19. exd5 f5 20. c4 exd5 21. cxd5
Bxd5 22. Bxf5 Qa7 23. Qxa7 Rxa7 24. Ra5 Bc4 25. Rf3 Bb5 26. Rg3+ Kh8 27. Bd3 Rb7
28. Kf2 Rd8 29. Bxb5 axb5 30. Rb3 b4 31. Re5 Rd2+ 32. Kf3 Ra2 33. Re4 Ra3 34.
Ree3 Ra2 35. Re2 Ra3 36. Rb2 Rba7 37. Ke4 Rxb3 38. Rxb3 Ra2 39. Rxb4 Rxg2 40.
Kf5 Kg7 41. h4 1/2-1/2

[Event "61st World Juniors 2024"]
[Site "Gandhinagar IND"]
[Date "2024.06.11"]
[Round "9.47"]
[White "Jyotshnav Talukdar"]
[Black "Vrashank, Chouhan"]
[Result "0-1"]
[BlackTitle "FM"]
[WhiteElo "1898"]
[BlackElo "2209"]
[WhiteFideId "25924370"]
[BlackFideId "25944240"]
[EventDate "2024.06.02"]

1. d4 Nf6 2. Nf3 e6 3. Bf4 c5 4. e3 Nc6 5. Nbd2 d5 6. c3 cxd4 7. exd4 Nh5 8. Be3
Bd6 9. Ne5 g6 10. g4 Ng7 11. h4 h5 12. Bg5 Be7 13. Bb5 Bd7 14. Bxc6 Bxc6 15. Qf3
Rf8 16. Bh6 hxg4 17. Nxg4 Rg8 18. Bxg7 Rxg7 19. h5 g5 20. h6 Rh7 21. O-O-O Bb5
22. Rde1 Qc7 23. Re5 Qd8 24. Qe3 Kd7 25. Re1 Rc8 26. Nf3 f5 27. Rxe6 fxg4 28.
Qe5 Bd3 29. Re3 gxf3 30. Rxd3 Rf7 31. Re3 Qf8 32. Qxd5+ Kc7 33. Qe5+ Bd6 34.
Qxg5 Bf4 35. Qg6 Bxe3+ 36. Rxe3 Kb8 37. h7 Rg7 38. Qh5 Qh8 39. Qe5+ Ka8 40. Rxf3
Qxh7 41. Qe6 Rb8 42. Rh3 Rg1+ 43. Kd2 Qb1 44. Qb3 Qe1+ 45. Kd3 Qf1+ 46. Ke4 Qxh3
47. Kd5 Rg5+ 48. Kc4 Qf1+ 0-1

[Event "61st World Juniors 2024"]
[Site "Gandhinagar IND"]
[Date "2024.06.11"]
[Round "9.48"]
[White "Ayushh, Ravikumar"]
[Black "Apoorv Kamble"]
[Result "0-1"]
[WhiteTitle "FM"]
[BlackTitle "FM"]
[WhiteElo "1950"]
[BlackElo "2369"]
[WhiteFideId "35039482"]
[BlackFideId "25683012"]
[EventDate "2024.06.02"]

1. d4 d5 2. c4 c6 3. Nf3 Nf6 4. Nc3 a6 5. cxd5 cxd5 6. Bf4 Nc6 7. h3 Bf5 8. e3
Qb6 9. a3 Ne4 10. Na4 Qd8 11. Bd3 e6 12. Rc1 Qa5+ 13. Nc3 Bxa3 14. Bxe4 Bxb2 15.
Bxf5 Bxc3+ 16. Kf1 exf5 17. Qc2 Bb4 18. Qxf5 O-O 19. Kg1 Qd8 20. Kh2 a5 21. e4
Ne7 22. Qh5 dxe4 23. Ng5 h6 24. Nxe4 Qxd4 25. Qf3 f5 26. Ng3 Ng6 27. Qb3+ Kh7
28. Rc4 Qd8 29. Rd1 Qf6 30. Bc7 Qf7 31. Qd3 Rac8 32. Rdc1 Qe6 33. f4 Ne7 34. Qf3
Nc6 35. Bb6 Ne5 36. fxe5 Rxc4 37. Rxc4 Qxc4 38. Qxb7 Qe6 39. Bd4 Rd8 40. Bb2 Rd2
41. Nh5 Qe7 42. Qxe7 Bxe7 43. Bc3 Ra2 44. Nf4 Bb4 45. Bd4 a4 46. e6 Bd6 47. Kg3
g5 48. e7 gxf4+ 49. Kf3 Bxe7 50. Kxf4 Rxg2 51. Kxf5 a3 52. h4 a2 53. Bc3 Rd2 54.
Kg4 Bc5 55. Kh5 Kg8 56. Bxd2 a1=Q 57. Bxh6 Qg1 58. Bg7 Kh7 0-1

[Event "61st World Juniors 2024"]
[Site "Gandhinagar IND"]
[Date "2024.06.11"]
[Round "9.49"]
[White "Swarna Nihal"]
[Black "Mukund Hemant Agarwal"]
[Result "0-1"]
[WhiteElo "1949"]
[BlackElo "2196"]
[WhiteFideId "25683640"]
[BlackFideId "25679791"]
[EventDate "2024.06.02"]

1. d4 Nf6 2. c4 e6 3. Nf3 d5 4. g3 dxc4 5. Bg2 a6 6. Ne5 Bb4+ 7. Nc3 Nd5 8. Bd2
Nb6 9. e3 O-O 10. Qe2 N8d7 11. Nxc4 Nxc4 12. Qxc4 c5 13. O-O b5 14. Qe2 Rb8 15.
a3 Bxc3 16. Bxc3 cxd4 17. Bxd4 Bb7 18. e4 Qe7 19. Rfd1 Rfd8 20. Bc3 Nf6 21. Bb4
Qe8 22. Bc3 e5 23. f3 Qe6 24. Qe3 Ne8 25. Qa7 Rdc8 26. Rd2 Nd6 27. Rad1 Nc4 28.
Rd7 Bc6 29. Qxb8 Rxb8 30. Rd8+ Rxd8 31. Rxd8+ Be8 32. Rb8 Qd7 33. Ra8 f6 0-1

[Event "61st World Juniors 2024"]
[Site "Gandhinagar IND"]
[Date "2024.06.11"]
[Round "9.50"]
[White "Radojicic, Aleksandar M"]
[Black "Vedant Garg"]
[Result "1/2-1/2"]
[WhiteElo "2088"]
[BlackElo "1811"]
[WhiteFideId "979694"]
[BlackFideId "33422362"]
[EventDate "2024.06.02"]

1. d4 d5 2. c4 dxc4 3. Nf3 Nf6 4. e3 a6 5. Bxc4 e6 6. O-O b5 7. Be2 Bb7 8. b3
Nbd7 9. Bb2 c5 10. Nbd2 Bd6 11. Rc1 O-O 12. Qc2 Qb8 13. h3 Rc8 14. Qb1 cxd4 15.
Nxd4 Ne5 16. Qa1 Ng6 17. Bf3 Nh4 18. Rxc8+ Qxc8 19. Bxb7 Qxb7 20. N2f3 Nxf3+ 21.
Nxf3 Be7 22. Rd1 h6 23. Rd3 Rc8 24. Rd1 1/2-1/2

[Event "61st World Juniors 2024"]
[Site "Gandhinagar IND"]
[Date "2024.06.11"]
[Round "9.51"]
[White "Safarov, Deniel"]
[Black "Sharnarthi Shlok"]
[Result "1-0"]
[WhiteElo "2059"]
[BlackElo "1838"]
[WhiteFideId "13619802"]
[BlackFideId "25977776"]
[EventDate "2024.06.02"]

1. e4 d5 2. exd5 c6 3. dxc6 Nxc6 4. Nf3 e5 5. Nc3 Nf6 6. Bb5 Bd6 7. d4 exd4 8.
Qxd4 O-O 9. Bxc6 bxc6 10. Be3 c5 11. Qd3 Qb6 12. O-O-O Be7 13. Qb5 Bb7 14. Qxb6
axb6 15. Rhe1 Ng4 16. Rd7 Bxf3 17. gxf3 Nxe3 18. Rxe7 Nf5 19. Rb7 Nd4 20. f4
Rab8 21. Ree7 h5 22. h3 b5 23. Rxb8 Rxb8 24. Re5 b4 25. Na4 c4 26. Re4 Rd8 27.
c3 b3 28. a3 Nf3 29. Re3 Nh4 30. Nb6 f5 31. Rg3 Re8 32. Kd2 Kf7 33. Nxc4 Kf6 34.
Ne5 g5 35. fxg5+ Kg7 36. f4 Rd8+ 37. Rd3 Rxd3+ 38. Nxd3 Nf3+ 39. Ke3 Ng1 40. Kf2
Nxh3+ 41. Kg2 1-0